00895nam a22002177a 4500003000400000005001700004008004100021020001800062040001200080082002800092100003700120245012900157250001100286260006000297300002500357490006900382500004400451504004200495650007100537650006900608OSt20150408114119.0130211s2012 jo ||||f b 00| 0 ara d a9789957880507 aMUbara04221a346.65043bف خ ع1 aفنطاري، خير الدين10aعقود التبرع الواردة على الملكية العقارية :bالوقف /cخير الدين فنطاري. aط. 1. aعمان، الأردن :bدار زهران،c2012. a253 ص. ؛c24 سم.00aدراسات قانونية في الملكية العقارية aالموجود بالمكتبة : ج. 1 aببليوجرافية : ص. 239-253. 4aالعقاراتxقوانين وتشريعاتzالجزائر. 4aالملكيةxقوانين وتشريعاتzالجزائر.